Comentarios al Código Civil peruano: derecho de obligaciones

Guardat en:
Dades bibliogràfiques
Autor principal: León Barandiarán, José (Autor)
Format: Llibre
Idioma:espanyol
Publicat: Buenos Aires Ediar 1954
Edició:2a. ed
Matèries:
Etiquetes: Afegir etiqueta
Sense etiquetes, Sigues el primer a etiquetar aquest registre!

MARC

LEADER 00000nam a2200000 a 4500
001 UCS1111
003 CL-VaPUC
008 970509e19540000AG |||||||||||||||||spa|d
082 0 4 |a 346.85  |b LEO  |2 21 
100 |a León Barandiarán, José  |e author  |9 559031 
245 1 0 |a Comentarios al Código Civil peruano: derecho de obligaciones 
250 |a 2a. ed 
300 |a v 
942 |c BK 
945 |d 19970509 00:00:00  |a cmena 
260 |a Buenos Aires  |b Ediar  |c 1954 
500 |a v.1: Acto jurídico 
650 0 |a Código civil  |9 256135 
650 0 |a Derecho civil  |9 255013 
650 0 |a Obligaciones   |9 255578 
650 0 |a Actos jurídicos  |9 255748 
650 0 |a Voluntad  |9 307812 
650 0 |a Prescripción civil   |9 383145 
651 0 |a Perú  |9 256567 
583 |a last modification  |c 19970509 00:00:00  |k Rodrigo Vera 
999 |c 259216  |d 259214 
952 |0 0  |1 0  |4 0  |6 346_850000000000000_LEO_1954  |7 0  |8 A  |9 283843  |a BIBDER  |b BIBDER  |d 2019-11-19  |h v.1  |i 1844148  |o 346.85 LEO 1954  |p 1844148  |r 2023-01-25  |w 2019-11-19  |y BK  |k DER